000 00580cam a22002053a 4500
001 42066
003 PGUSA
005 20140828083941.0
008 130210s2013||||xxu|||||s|||||000 | eng d
040 _aPGUSA
_beng
042 _adc
100 1 _aGoulding, F. R.
245 1 4 _aThe Young Marooners on the Florida Coast
_h[electronic resource] /
_cF. R. Goulding
260 _bProject Gutenberg,
_c2013
506 _aPublic domain in the USA.
516 _aElectronic text
830 0 _aProject Gutenberg
_v42066
856 4 0 _uhttp://www.gutenberg.org/ebooks/42066
942 _cEB
999 _c271318
_d271318